Alt-palästinensischer bauernglaube in religionsvergleichender beleuchtung /

Saved in:

Main Author: Scheftelowitz, I. 1875-1934 (Author)

Format: Book

Language: German

Subjects:

Tags: Add Tag

No Tags, Be the first to tag this record!

Call Number: GR98 .S3 1925

LEADER 01193nam a2200253I 4500
001 9275
003 OSt
005 20210523085311.0
008 130303s1925 gw g 000 0 ger d
952 |0 0  |1 0  |2 lcc  |4 0  |6 GR0098 S3 01925  |7 1  |9 12598  |a ARCE  |b ARCE  |d 2021-05-23  |l 0  |o GR98 .S3 1925  |r 2021-05-23 00:00:00  |w 2021-05-23  |y BK 
999 |c 11845  |d 11845 
040 |c ARCE Library 
050 0 4 |a GR98 .S3 1925 
100 1 |a Scheftelowitz, I.  |q (Isidor),  |d 1875-1934,  |e author  |9 39369 
245 1 0 |a Alt-palästinensischer bauernglaube in religionsvergleichender beleuchtung /  |c von J. Scheftelowitz. 
264 1 |a Hannover :  |b Lafaire,  |c 1925. 
300 |a viii, 181 pages ;  |c 23 cm. 
500 |a "In dieser vorliegenden Arbeit soll nur der auf altpalästinensischem Boden noch in den ersten Jahrhunderten unserer Zeitrechnung belegte jüdische Volksglaube, wie er besonders für das Landvolk charakteristisch ist, in religionsgeschichtlicher Beleuchtung behandelt werden."--Vorwort. 
650 0 |a Jews  |x Folklore. 
650 0 |a Judaism  |x History. 
901 |a reviewed 
942 |c BK  |2 lcc 
945 |a GR98 .S3 1925  |g 1  |i mq244060  |l 1arce  |o z  |p $0.00  |q    |r    |s w  |t 0  |u 0  |v 0  |w 0  |x 0  |y .i31511405  |z 02-04-08 
949 |a GR98 .S3 1925